Statistics for BYU Quarterback Quiz

Click here to take the quiz!

General Stats

  • This quiz has been taken 233 times
    (82 since last reset)
  • The average score is 9 of 19

Answer Stats

HintAnswer% Correct
2018-2020Zach Wilson
91%
1980-83Steve Young
77%
1977-79Marc Wilson
70%
2019-Jaren Hall
67%
1988-91Ty Detmer
67%
2012-2016Taysom Hill
62%
1978-81Jim McMahon
59%
2007-09Max Hall
57%
1983-85Robbie Bosco
54%
2015-2019Tanner Mangum
46%
1975-77Gifford Nielsen
42%
1995-96Steve Sarkisian
42%
2003-06John Beck
41%
2010-12Riley Nelson
33%
1998-01Brandon Doman
23%
1973-74Gary Sheide
17%
1991-94John Walsh
13%
1996-99Kevin Feterik
13%
1964-66Virgil Carter
12%

Score Distribution

Percentile by Number Answered

Percent of People with Each Score

Your Score History

You have not taken this quiz since the last reset